Największe miejscowości okręgu lublinieckiego - Statystyki

Ogólne statystyki
  • Ten quiz został rozwiązany 25 razy
  • Średni wynik to 13 z 20
Statystyki odpowiedzi
Ludność Miasto/wieś % Poprawnych
23,4 tyś Lubliniec
100%
2,2 tyś Kochanowice
90%
4,6 tyś Koszęcin
90%
1,5 tyś Ciasna
86%
2,1 tyś Herby
81%
8,2 tyś Kalety
81%
1,4 tyś Pawonków
76%
1,9 tyś Lisów
71%
4,1 tyś Woźniki
71%
9,1 tyś Blachownia
67%
1,8 tyś Kochcice
67%
2,5 tyś Tworóg
67%
2,9 tyś Konopiska
62%
3,3 tyś Boronów
57%
1,5 tyś Sadów
52%
3,5 tyś Strzebiń
48%
1,5 tyś Sieraków Śląski
38%
1,3 tyś Psary
33%
2,5 tyś Aleksandria
29%
1,4 tyś Rusiniowice
14%
Nie znaleziono quizów pasujących do podanych kryteriów
Rozkład punktacji
Procent ludzi z każdym wynikiem
Percentyl według liczby udzielonych odpowiedzi
Twoja historia wyników
Nie rozwiązałeś tego quizu